00652nam a2200217Ia 4500003000400000005001700004008004100021040000700062041000800069082001600077100003500093245003800128260004500166300001300211365000800224650002400232906003900256942001200295999001900307952010800326OSt20230425153153.0210423s1996 xx 000 0 und d cAL aeng a574.87 JAHJ aJAHIER (Joseph);others.992893 aTechniques of plant cytogenetics. aNew DelhibOxford University Pressc1996 aviii,180 cINR aCell Biology992894 acytogenetics. ; plant ; Techniques 2ddccBK c162688d162688 001040708BTaSACPGbSACPGd2003-05-03l0o574.87 JAHJpPG009181r2022-08-24 00:00:00w2021-04-26yBK